Estudio de pre-factibilidad para la recuperación de dióxido de carbono de una destileria de alcoholes

Uloženo v:
Podrobná bibliografie
Hlavní autor: Amen Chen, Carlos
Médium: Kniha
Vydáno: San José, Costa Rica 1991
Témata:
Tagy: Přidat tag
Žádné tagy, Buďte první, kdo vytvoří štítek k tomuto záznamu!

MARC

LEADER 00000nam a2200000Ia 4500
003 005037
005 20221231144331.0
008 140114s1991 cr a m 000 ||s d
040 |c cru CEDI 
090 |a TFG 2386 
100 |a Amen Chen, Carlos  |9 12941 
245 |a Estudio de pre-factibilidad para la recuperación de dióxido de carbono de una destileria de alcoholes 
260 |c 1991  |a San José, Costa Rica 
300 |a 185 [26] hojas ; 28 cm.  
500 |a  Proyecto de graduación (licenciatura en ingeniería química)--Universidad de Costa Rica. Facultad de Ingeniería. Escuela de Ingeniería Química 
650 |x DIOXIDO DE CARBONO   |x DESTILERIAS DE ALCOHOL   |x COSTA RICA  |9 12942 
942 |c TFG  |2 ddc 
999 |c 20316  |d 20316